Πρωτεύουσες του Κόσμου - Ν - Statistics

General Stats
  • This quiz has been taken 374 times
  • The average score is 10 of 17
Answer Stats
Ν % Correct
Ντάκα
82%
Ντόχα
79%
Νέο Δελχί
75%
Ναϊρόμπι
71%
Ντακάρ
71%
Νιαμέι
66%
Ντζαμένα
66%
Ντοντόμα (Δόδομα)
65%
Ντίλι
63%
Νασσάου (Νάσω)
60%
Νέπιντο
59%
Ντουσαμπέ (Δουσάμβη)
58%
Νουκουαλόφα
54%
Νουακσότ
50%
Νουρ-Σουλτάν (Αστάνα)
48%
Νγκερουλμούντ
46%
Νότια Ταράουα
34%
No matching quizzes found
Score Distribution
Percent of People with Each Score
Percentile by Number Answered
Your Score History
You have not taken this quiz